| 000 | 00847nas a2200265 4500 | ||
|---|---|---|---|
| 001 | BR0301466 | ||
| 003 | BR-BrBNA | ||
| 005 | 20231205103630.0 | ||
| 007 | ta | ||
| 008 | 230509b bl.|||p| |||| 00| 00por d | ||
| 040 |
_aBR-BrBNA _bpor _cBiblioteca Nacional de Agricultura |
||
| 041 | _a(Pt) | ||
| 072 | _aE16 | ||
| 100 | 1 | _aFontes, R.E. | |
| 100 | 1 | _aReis, R.P. | |
| 100 | 1 | _aCarvalho, S.A. de | |
| 100 | 1 | _aCarvalho, M.L.M. de | |
| 245 | 1 | _aEstudo técnico-econômico do processo produtivo do milho (Zea mays L.): o caso do município de Lavras, Minas Gerais | |
| 650 | _aMILHO | ||
| 650 | _aCUSTO DE PRODUÇÃO | ||
| 650 | _aINDICADOR ECONÔMICO | ||
| 773 | 0 |
_tCiência e Agrotecnologia (Brazil) _xISSN 1413-7054 _g(Oct-Dec 1999), v. 23(4) p. 912-918 _wBR0301466 |
|
| 909 |
_a202311 _bLúcia _c55 _dLúcia Elande |
||
| 942 |
_2AGRIS _n0 _cANA |
||
| 999 |
_c173911 _d173911 |
||